ბათუმის შოთა რუსთაველის სახელმწიფო უნივერსიტეტის ბიბლიოთეკა

Общая технология строительных материалов. (ბიბ.ჩანაწერი № 37379)

000 -LEADER
fixed length control field 00714nam a2200229Ia 4500
001 - CONTROL NUMBER
control field 3338
003 - CONTROL NUMBER IDENTIFIER
control field GE_BSU
008 - FIXED-LENGTH DATA ELEMENTS--GENERAL INFORMATION
fixed length control field 181216s||||||||xx |||||||||||||| ||und||
040 ## - CATALOGING SOURCE
Transcribing agency GE_BSU
080 ## - UNIVERSAL DECIMAL CLASSIFICATION NUMBER
Universal Decimal Classification number 691(075.32)
100 ## - MAIN ENTRY--PERSONAL NAME
Personal name Клюковский,Г.И.
245 ## - TITLE STATEMENT
Title Общая технология строительных материалов.
245 ## - TITLE STATEMENT
Remainder of title Учебник.
245 ## - TITLE STATEMENT
Statement of responsibility, etc. Ред. Л.К.Олейник.
250 ## - EDITION STATEMENT
Edition statement Изд. 2-е, перераб. и доп.
260 ## - PUBLICATION, DISTRIBUTION, ETC.
Place of publication, distribution, etc. М.
260 ## - PUBLICATION, DISTRIBUTION, ETC.
Name of publisher, distributor, etc. Высшая школа.
260 ## - PUBLICATION, DISTRIBUTION, ETC.
Date of publication, distribution, etc. 1976.
300 ## - PHYSICAL DESCRIPTION
Extent 400 стр .с илл. 22 см.
653 ## - INDEX TERM--UNCONTROLLED
Uncontrolled term Общая технология строительных материалов.
942 ## - ADDED ENTRY ELEMENTS (KOHA)
Koha item type წიგნი
ეგზემპლარები
Withdrawn status Lost status Damaged status Not for loan Date acquired Barcode Date last seen Price effective from Koha item type
        2018-12-17 10049 2018-12-17 2018-12-17 წიგნი